Central Library OPAC University of Rajshahi

رتن ناتھ سرشار کى ناول نگارى / Ratan Nāth Sarshār kī nāvil nigārī / (Record no. 85492)

MARC details
000 -LEADER
fixed length control field 00984nam a2200217 4500
001 - CONTROL NUMBER
control field 85492
003 - CONTROL NUMBER IDENTIFIER
rucl marc code BD-RjUL
005 - DATE AND TIME OF LATEST TRANSACTION
control field 20250810120053.0
008 - FIXED-LENGTH DATA ELEMENTS--GENERAL INFORMATION
fixed length control field 250810s1961 pk ||||| |||| 00| 0 urd d
035 ## - SYSTEM CONTROL NUMBER
System control number (BD-RjUL) 85492
040 ## - CATALOGING SOURCE
Original cataloging agency BD-RjUL
Language of cataloging eng
Transcribing agency BD-RjUL
041 ## - LANGUAGE CODE
Language code of text/sound track or separate title urd
082 ## - DEWEY DECIMAL CLASSIFICATION NUMBER
Edition number 23
Classification number 891.43909
Author mark and year ADR 1961
100 ## - MAIN ENTRY--PERSONAL NAME
Personal name حسين، سيد لطيف ;; Adīb., Sayyīd Laṭīf. Ḥusain
9 (RLIN) 16542
245 10 - TITLE STATEMENT
Title رتن ناتھ سرشار کى ناول نگارى / Ratan Nāth Sarshār kī nāvil nigārī /
Statement of responsibility, etc. سيد لطيف حسين اديب., . / Sayyid Lat̤īf Ḥusain Adīb.,
260 ## - PUBLICATION, DISTRIBUTION, ETC. (IMPRINT)
Place of publication, distribution, etc. Karācī:
Name of publisher, distributor, etc. کل پاکستان انجمن ترقئ ٱردو، Kul Pākistān Anjuman Taraqqī-yi Urdū
Date of publication, distribution, etc. 1961
490 ## - SERIES STATEMENT
Series statement Silsilah-yi mat̤būʻāt Anjuman Taraqqī-yi Urdū;
Volume/sequential designation nambar 295
600 ## - SUBJECT ADDED ENTRY--PERSONAL NAME
Personal name Sarshār, Ratan
Dates associated with a name 1846-1902
General subdivision Criticism and interpretation
830 ## - SERIES ADDED ENTRY--UNIFORM TITLE
Uniform title Silsilah-yi mat̤būʻāt Anjuman Taraqqī-yi Urdū, ;
Volume number/sequential designation nambar 295
942 ## - ADDED ENTRY ELEMENTS (KOHA)
Source of classification or shelving scheme Dewey Decimal Classification
Koha item type Books
Holdings
Lost status Source of classification or shelving scheme Damaged status Not for loan Collection code Permanent Location Current Location Shelving location Date acquired Source of acquisition Cost, normal purchase price Total Checkouts Full call number Date last seen Copy number Koha item type
  Dewey Decimal Classification   Not For Loan Non-fiction Central Library, University of Rajshahi Central Library, University of Rajshahi Reading Room 03/12/1971 feroz & sons 6.50   U 891.43909 ADR 1961 10/08/2025 C-1 Books